| 000 | 00467nam a22001817a 4500 | ||
|---|---|---|---|
| 003 | CEME | ||
| 005 | 20210628205349.0 | ||
| 008 | 210312b xxu||||| |||| 00| 0 eng d | ||
| 020 | _a0-13-487439-0 | ||
| 040 | _c. | ||
| 082 | _a512.943 CAM'I | ||
| 100 |
_aCampbell, Hugh G _975137 |
||
| 245 | _aAn introduction to matrices vectors and linear programming | ||
| 250 | _a2ND | ||
| 260 |
_aENGLEWOOD _bPRENTICE HALL _c1977 |
||
| 300 | _aXIII, 316P | ||
| 942 |
_cBK _2ddc |
||
| 999 |
_c580617 _d580617 |
||